Zemědělská ekonomika mezinárodní vědecký časopis

Na minha lista:
Detalhes bibliográficos
Formato: Periódico
Idioma:tcheco
inglês
Publicado em: Praha Česká akademie zemědelských věd - Ústav zemědelských a potravinářských informací 1996
Assuntos:
Tags: Adicionar Tag
Sem tags, seja o primeiro a adicionar uma tag!

MARC

LEADER 00000nas2a2200000 4500
001 s107600
005 20221221071943.8
022 |a 0139-570X 
041 0 |a cze 
041 0 |a eng 
044 |a CZ 
245 1 0 |a Zemědělská ekonomika  |b mezinárodní vědecký časopis 
264 1 |a Praha  |b Česká akademie zemědelských věd - Ústav zemědelských a potravinářských informací  |c 1996 
300 |a 2 zv. 
773 0 |w eu_un_cat*s122627 
610 2 0 |a poľnohospodárstvo 
610 2 0 |a politika poľnohospodárska 
610 2 0 |a manažment